| 000 | 00728cam a22002653a 4500 | ||
|---|---|---|---|
| 001 | 554 | ||
| 003 | PGUSA | ||
| 005 | 20140828082949.0 | ||
| 008 | 960601s1996||||xxu|||||s|||||000 | eng d | ||
| 040 |
_aPGUSA _beng |
||
| 042 | _adc | ||
| 050 | 4 | _aPS | |
| 100 | 1 |
_aTyler, Royall, _d1757-1826 |
|
| 245 | 1 | 4 |
_aThe Contrast _h[electronic resource] / _cRoyall Tyler |
| 260 |
_bProject Gutenberg, _c1996 |
||
| 500 | _a1st US Play Performed | ||
| 506 | _aPublic domain in the USA. | ||
| 516 | _aElectronic text | ||
| 653 | _aComedies | ||
| 653 | _aAmerican drama (Comedy) | ||
| 700 | 1 |
_aMcKee, Thomas Jefferson, _d1840-1899 |
|
| 830 | 0 |
_aProject Gutenberg _v554 |
|
| 856 | 4 | 0 | _uhttp://www.gutenberg.org/ebooks/554 |
| 942 | _cEB | ||
| 999 |
_c229905 _d229905 |
||